00419nam a22001457a 450000500170000000800410001702200130005804100230007108200120009410000230010624500430012926000470017230000280021965000260024720240705075440.0240705b |||||||| |||| 00| 0 eng d a10163107 aEnglish/Afrikaans  a349 SOU lEnglish/Afrikaans  aThe South African Criminal Law Reports aCape Town: bJuta and Company Ltd, c2005  bxx, 110 pages; c23 cm. aLegal practice bLaw